After. Tajemství /

Další část romantické řady, v níž se v citových vírech topí a zase zachraňují dva mladí protagonisté této série - Tessy a Hardina.

Hlavní autor: Todd, Anna
Další autoři: Faltejsková, Lenka, 1974-
Jazyk: Čeština
Vydáno: Praha : Euromedia Group, 2020
Vydání: Vydání třetí v tomto svazku, v tomto souboru první
Edice: Yoli
Témata:
Fyzický popis: 725 stran ; 20 cm
Language note: Český text
Knihy
Uloženo v:
LEADER 02933nam a2200529 i 4500
001 nkc20203243580
003 CZ PrNK
005 20240808133737.0
007 ta
008 201102s2020 xr g 000 f cze
015 |a cnb003243580 
020 |a 978-80-242-6976-4  |q (soubor) 
020 |a 978-80-242-6979-5  |q (brožováno) :  |c samostatně neprodejné 
035 |a (OCoLC)1240908133 
040 |a ABG001  |b cze  |d ABA001  |e rda 
041 1 |a cze  |h eng 
072 7 |a 821.111(73)-3  |x Americká próza  |2 Konspekt  |9 25 
080 |a 821.111(73)-31  |2 MRF 
080 |a (0:82-312.5)  |2 MRF 
100 1 |a Todd, Anna  |7 kv2015884065  |4 aut 
240 1 0 |a After we fell.  |l Česky 
245 1 0 |a After.  |p Tajemství /  |c Anna Todd ; z anglického originálu After we fell ... přeložila Lenka Faltejsková 
246 3 0 |a Tajemství 
250 |a Vydání třetí v tomto svazku, v tomto souboru první 
264 1 |a Praha :  |b Euromedia Group,  |c 2020 
300 |a 725 stran ;  |c 20 cm 
336 |a text  |b txt  |2 rdacontent 
337 |a bez média  |b n  |2 rdamedia 
338 |a svazek  |b nc  |2 rdacarrier 
490 1 |a Yoli 
500 |a Distribuováno ve společném kartonovém pouzdru spolu s dalšími 4 díly: Polibek, Přiznání, Pouto a Před námi; název na pouzdru: After 1-5 
520 2 |a Další část romantické řady, v níž se v citových vírech topí a zase zachraňují dva mladí protagonisté této série - Tessy a Hardina.  |b Tessa a Hardin jeden bez druhého nedokážou existovat. A zároveň nejsou schopní žít spolu. Poté co Tessa potkala po celých devíti letech svého otce, všechno se v ní svíjí a ona přehodnocuje své dosavadní vztahy k blízkým. Přestože Richard pije a stal se z něj bezdomovec, snaží se ho Tessa pochopit a lépe poznat. Ukazuje se však, že pití není jeho největší problém. Tessa se rozhodne využít příležitost a splnit si tak sen, který v sobě už dlouho hýčká - sen o novém životě v Seattlu. Jak má ale sdělit Hardinovi svoje rozhodnutí, když předem ví, že s ním nebude souhlasit? Zvlášť když by si ze všeho nejvíc přála, aby se přestěhoval s ní? On však reaguje typicky "hardinovským" způsobem a pokouší se Tessino stěhování všemožně překazit. Ale místo aby si ji tím udržel, málem ji ztratí. Nakladatelská anotace. Kráceno. 
546 |a Český text 
653 0 |a literatura new adult 
655 7 |a americké romány  |7 fd131796  |2 czenas 
655 7 |a milostné romány  |7 fd132840  |2 czenas 
655 9 |a American fiction  |2 eczenas 
655 9 |a love novels  |2 eczenas 
700 1 |a Faltejsková, Lenka,  |d 1974-  |7 ola2003191643  |4 trl 
740 0 2 |a After 1-5 
787 0 8 |i Z cyklu:  |t After  |g 3 
830 0 |a Yoli  |0 s 
910 2 |a BOA001  |b 1-1475.702 
920 |a 4563293  |z ABG001 
990 |a BK 
995 |a 01 
996 6 |b 2610882957  |c 1-1475.702  |l MZK  |r Sklad / do 1 hodiny  |n 1  |p p.v.  |w 001867017  |u 000010  |a 1  |e BOA001  |j MZK50  |s P